000 00591nam a2200193Ia 4500
005 20250508154004.0
008 008 250505s9999 xx 000 0 eng d
037 _aTextual
040 _aFEDL
_beng
_cFEDL
041 _aeng
_2eng
084 _a640.7, UNI
_qFEDL
245 0 _aStudies of home economics in high school and in adult education programs 1955-58
245 0 _cU S Department of Health, Education, and Welfare
260 _c1960
300 _a185p.
650 _aHomoe economics - teaching
_9764795
942 _cTEXL
_h640.7, UNI
999 _c1346839
_d1346839